000 00336nam a2200133Ia 4500
008 231129s2013||||xx |||||||||||||| ||spa||
040 _bspa
082 _aCo863 G748c
100 _aGranada Restrepo Alexander
245 0 _aLas caravanas de Matusalen: Crónica novelada
260 _c2013
264 _aAD Impresos
942 _2ddc
_cBKS
999 _c18627
_d18627